[Event "corr FRA-71ch"]
[Site "?"]
[Date "2005.06.18"]
[Round "?"]
[White "Tombette, Philippe"]
[Black "Chastanet, Gerard"]
[Result "1/2-1/2"]
[WhiteElo "2477"]
[BlackElo "2290"]
[PlyCount "59"]
[EventDate "2005.06.18"]
[EventType "corr"]
[EventCountry "FRA"]

1. d4 d5 2. c4 c6 3. Nf3 Nf6 4. Nc3 e6 5. Bg5 h6 6. Bxf6 Qxf6 7. e3 Nd7 8. Bd3
dxc4 9. Bxc4 g6 10. O-O Bg7 11. Qc2 O-O 12. Bb3 Qe7 13. Rad1 b6 14. e4 Bb7 15.
Rfe1 c5 16. d5 Ne5 17. Nxe5 Bxe5 18. Qd2 Kh7 19. f4 Bd4+ 20. Kh1 exd5 21. Bxd5
Rad8 22. Bxb7 Qxb7 23. Qc2 Qa6 24. f5 Qc4 25. Rd3 gxf5 26. Rf3 Bxc3 27. e5 Qh4
28. g3 Qg4 29. Rf4 Qxf4 30. gxf4 1/2-1/2

[Event "corr FRA-71ch"]
[Site "?"]
[Date "2005.06.18"]
[Round "?"]
[White "Tombette, Philippe"]
[Black "Deneuville, Christian"]
[Result "1-0"]
[WhiteElo "2477"]
[BlackElo "2367"]
[PlyCount "121"]
[EventDate "2005.06.18"]
[EventType "corr"]
[EventCountry "FRA"]

1. d4 f5 2. Nc3 Nf6 3. Bg5 d5 4. Bxf6 exf6 5. e3 Be6 6. Qf3 h5 7. O-O-O Bb4 8.
Nge2 c6 9. Nf4 Bf7 10. Nb1 g6 11. Nd2 Nd7 12. c3 Bd6 13. h4 Qc7 14. g3 O-O-O
15. Kb1 Kb8 16. Be2 g5 17. Nd3 Rhg8 18. Qxf5 Bg6 19. Qh3 g4 20. Qf1 c5 21. Ka1
c4 22. Nf4 Bxf4 23. exf4 Nb6 24. f3 Na4 25. Nb1 Bf5 26. fxg4 hxg4 27. Rd2 Rde8
28. Bd1 Nb6 29. Qf2 Be4 30. Re1 f5 31. Bc2 Re6 32. Na3 Qe7 33. Bxe4 dxe4 34.
Nc2 Nd5 35. Ne3 Nxe3 36. Qxe3 Rc8 37. d5 Rd6 38. Qd4 Qc7 39. h5 Re8 40. Kb1 b5
41. b3 cxb3 42. axb3 Qa5 43. Rc1 Qb6 44. Qxb6+ axb6 45. Rh1 Rh8 46. Kb2 Rdh6
47. d6 Kc8 48. d7+ Kd8 49. Ra1 Ke7 50. Rd5 Rxh5 51. b4 Rh3 52. Rad1 Kd8 53.
Rxf5 e3 54. Rxb5 Rxg3 55. Rxb6 e2 56. Rb8+ Kc7 57. d8=Q+ Rxd8 58. Rbxd8 exd1=Q
59. Rxd1 Rf3 60. Rd5 Rxf4 61. Kb3 1-0

[Event "corr FRA-71ch"]
[Site "?"]
[Date "2005.06.18"]
[Round "?"]
[White "Tombette, Philippe"]
[Black "Guidici, Gilles"]
[Result "1/2-1/2"]
[WhiteElo "2477"]
[BlackElo "2488"]
[PlyCount "84"]
[EventDate "2005.06.18"]
[EventType "corr"]
[EventCountry "FRA"]

1. d4 Nf6 2. c4 e6 3. Nf3 d5 4. Bg5 h6 5. Bxf6 Qxf6 6. Nc3 c6 7. e3 Nd7 8. Bd3
dxc4 9. Bxc4 g6 10. O-O Bg7 11. b4 O-O 12. a4 Qe7 13. Rb1 a5 14. b5 Nb6 15. Bb3
c5 16. Qc1 cxd4 17. exd4 Bd7 18. Ne4 Rfc8 19. Qd2 Be8 20. Rfe1 Rd8 21. Rec1 Nd5
22. Bxd5 Rxd5 23. Rc4 e5 24. Nc3 Rd7 25. d5 f5 26. b6 Bf7 27. Rb5 Kh7 28. Kh1
e4 29. Ng1 Be5 30. f3 Rad8 31. fxe4 fxe4 32. Rxa5 Bxc3 33. Qxc3 Bxd5 34. Rc7
Bc6 35. Rxd7 Rxd7 36. Ra8 Qg7 37. Qg3 Rd3 38. Qf4 e3 39. Rc8 Rd2 40. Rxc6 bxc6
41. Qxe3 Ra2 42. Qb3 Rb2 1/2-1/2

[Event "corr FRA-71ch"]
[Site "?"]
[Date "2005.06.18"]
[Round "?"]
[White "Tombette, Philippe"]
[Black "Thirion, Patrick"]
[Result "1/2-1/2"]
[WhiteElo "2477"]
[BlackElo "2446"]
[PlyCount "41"]
[EventDate "2005.06.18"]
[EventType "corr"]
[EventCountry "FRA"]

1. d4 d5 2. c4 e6 3. Nf3 Nf6 4. Bg5 Be7 5. Nc3 h6 6. Bh4 O-O 7. e3 b6 8. Rc1
Bb7 9. Bxf6 Bxf6 10. cxd5 exd5 11. Bd3 c5 12. O-O Nd7 13. Bf5 g6 14. Bxd7 cxd4
15. Bc6 Bxc6 16. Nxd4 Bb7 17. Qf3 Be5 18. Rfd1 Rc8 19. Rd2 Qd7 20. Rcd1 Rfe8
21. Nce2 1/2-1/2

[Event "corr FRA-71ch"]
[Site "?"]
[Date "2005.06.18"]
[Round "?"]
[White "Wagner, Claude"]
[Black "Alozy, Francis"]
[Result "1-0"]
[WhiteElo "2375"]
[BlackElo "2183"]
[PlyCount "75"]
[EventDate "2005.06.18"]
[EventType "corr"]
[EventCountry "FRA"]

1. d4 Nf6 2. c4 e5 3. dxe5 Ng4 4. Bf4 g5 5. Bg3 Bg7 6. h4 Nxe5 7. hxg5 Qxg5 8.
Nc3 Nxc4 9. Rh4 b5 10. e3 Bb7 11. Qb3 Bc6 12. Nf3 Qc5 13. Nd4 a6 14. Bxc7 d5
15. Qc2 Bd7 16. Rxh7 Rg8 17. Bxb8 Rxb8 18. Rh5 Nb6 19. Qd2 Qd6 20. b3 b4 21.
Nce2 Be5 22. g3 Nc8 23. Bh3 Bxh3 24. Rxh3 Qf6 25. Qd3 Rg6 26. Rc1 Ne7 27. Kf1
Rh6 28. Rxh6 Qxh6 29. Kg2 Qd6 30. Nf3 Bg7 31. Nf4 Rd8 32. Qh7 Qh6 33. Rh1 Qxh7
34. Rxh7 Bc3 35. Ng5 f5 36. Rh6 Ra8 37. Nge6 Rc8 38. Nd4 1-0

[Event "corr FRA-71ch"]
[Site "?"]
[Date "2005.06.18"]
[Round "?"]
[White "Wagner, Claude"]
[Black "Chastanet, Gerard"]
[Result "1-0"]
[WhiteElo "2375"]
[BlackElo "2290"]
[PlyCount "55"]
[EventDate "2005.06.18"]
[EventType "corr"]
[EventCountry "FRA"]

1. d4 Nf6 2. c4 e6 3. Nf3 b6 4. g3 Ba6 5. Nbd2 d5 6. Bg2 Be7 7. O-O O-O 8. cxd5
Nxd5 9. Re1 Bb7 10. e4 Nf6 11. e5 Nd5 12. Ne4 Na6 13. a3 c5 14. Bg5 f6 15. exf6
Nxf6 16. Nc3 Nc7 17. dxc5 Bxc5 18. Qe2 h6 19. Bf4 Nfd5 20. Nxd5 exd5 21. Qe5
Nb5 22. Qe6+ Kh7 23. Qe2 a6 24. b4 Bd6 25. Qd3+ Kg8 26. Bxh6 Qc7 27. Re6 gxh6
28. Rg6+ 1-0

[Event "corr FRA-71ch"]
[Site "?"]
[Date "2005.06.18"]
[Round "?"]
[White "Wagner, Claude"]
[Black "Deneuville, Christian"]
[Result "1-0"]
[WhiteElo "2375"]
[BlackElo "2367"]
[PlyCount "47"]
[EventDate "2005.06.18"]
[EventType "corr"]
[EventCountry "FRA"]

1. d4 Nf6 2. c4 e6 3. Nf3 c5 4. d5 d6 5. Nc3 exd5 6. cxd5 g6 7. h3 Bg7 8. e4
O-O 9. Bd3 b5 10. Nxb5 Nxe4 11. Bxe4 Re8 12. Ng5 Qa5+ 13. Nc3 Bxc3+ 14. bxc3
Qxc3+ 15. Bd2 Qc4 16. f3 f5 17. Rc1 Qd3 18. Kf2 Qd4+ 19. Be3 Qf6 20. Qa4 Bd7
21. Qb3 Na6 22. Qb7 Nb4 23. a3 Rab8 24. Qxd7 1-0

[Event "corr FRA-71ch"]
[Site "?"]
[Date "2005.06.18"]
[Round "?"]
[White "Wagner, Claude"]
[Black "Guidici, Gilles"]
[Result "1-0"]
[WhiteElo "2375"]
[BlackElo "2488"]
[PlyCount "59"]
[EventDate "2005.06.18"]
[EventType "corr"]
[EventCountry "FRA"]

1. d4 Nf6 2. c4 e6 3. Nf3 d5 4. Nc3 c6 5. e3 Nbd7 6. Qc2 Bd6 7. g4 dxc4 8. Bxc4
b6 9. e4 Bb7 10. e5 c5 11. exf6 Bxf3 12. fxg7 Rg8 13. Qxh7 Nf6 14. Bb5+ Ke7 15.
Bg5 Bf4 16. Qh3 Bxh1 17. Bxf4 Qxd4 18. Qg3 Ne4 19. Nxe4 Qxe4+ 20. Kf1 f6 21.
Re1 Qd4 22. f3 Rac8 23. Be3 Qxb2 24. Ba6 Rc6 25. Kg1 Rxg7 26. Kxh1 Rd6 27. Bf4
e5 28. g5 Kf8 29. Qh3 Qc3 30. Rc1 1-0

[Event "corr FRA-71ch"]
[Site "?"]
[Date "2005.06.18"]
[Round "?"]
[White "Wagner, Claude"]
[Black "Mailfert, Jean Pierre"]
[Result "1/2-1/2"]
[WhiteElo "2375"]
[BlackElo "2450"]
[PlyCount "49"]
[EventDate "2005.06.18"]
[EventType "corr"]
[EventCountry "FRA"]

1. d4 d5 2. c4 c6 3. Nf3 Nf6 4. Nc3 dxc4 5. a4 Bg4 6. Ne5 Bh5 7. f3 e6 8. g4
Nd5 9. e4 Nxc3 10. bxc3 Qh4+ 11. Ke2 Bg6 12. Rb1 b6 13. Bf4 Nd7 14. Bg3 Qd8 15.
Nxg6 hxg6 16. Kf2 a6 17. Bxc4 b5 18. Bb3 Nb6 19. Kg2 Bd6 20. Ra1 a5 21. f4 Qd7
22. Rf1 Nxa4 23. Bxa4 bxa4 24. Qxa4 O-O 25. f5 1/2-1/2

[Event "corr FRA-71ch"]
[Site "?"]
[Date "2005.06.18"]
[Round "?"]
[White "Wagner, Claude"]
[Black "Tombette, Philippe"]
[Result "1/2-1/2"]
[WhiteElo "2375"]
[BlackElo "2477"]
[PlyCount "61"]
[EventDate "2005.06.18"]
[EventType "corr"]
[EventCountry "FRA"]

1. d4 Nf6 2. c4 g6 3. Nc3 d5 4. Nf3 Bg7 5. cxd5 Nxd5 6. e4 Nxc3 7. bxc3 c5 8.
Rb1 O-O 9. Be2 b6 10. O-O Qc7 11. Bg5 Bb7 12. Qd3 Nd7 13. Qe3 Nf6 14. d5 Ng4
15. Qd2 Ne5 16. Bh6 Nxf3+ 17. Bxf3 Bxh6 18. Qxh6 Qe5 19. c4 Ba6 20. Rbc1 Rfe8
21. Rfe1 e6 22. Qe3 exd5 23. cxd5 Re7 24. g3 Rae8 25. Bg2 f5 26. Qd2 Qd6 27.
exf5 Rxe1+ 28. Rxe1 Rxe1+ 29. Qxe1 gxf5 30. Qe3 Kf7 31. Qf3 1/2-1/2

[Event "corr FRA-71ch"]
[Site "?"]
[Date "2005.06.18"]
[Round "?"]
[White "Yvinec, Jean Marc"]
[Black "Alozy, Francis"]
[Result "1-0"]
[WhiteElo "2275"]
[BlackElo "2183"]
[PlyCount "71"]
[EventDate "2005.06.18"]
[EventType "corr"]
[EventCountry "FRA"]

1. e4 e6 2. d4 d5 3. e5 c5 4. c3 Nc6 5. Nf3 Qb6 6. Be2 cxd4 7. cxd4 Nh6 8. Nc3
Nf5 9. Na4 Bb4+ 10. Bd2 Qa5 11. Bc3 b5 12. a3 Bxc3+ 13. Nxc3 b4 14. axb4 Qxb4
15. Bb5 Bd7 16. Bxc6 Bxc6 17. Qd2 O-O 18. O-O Rfb8 19. Rab1 a5 20. g4 Nh6 21.
h3 Qe7 22. Rfc1 a4 23. Rc2 Bb5 24. Nxb5 Rxb5 25. Rbc1 Qe8 26. Rc7 Rab8 27. R1c2
R5b7 28. R7c5 Kh8 29. Qc1 Ng8 30. Rc8 Qe7 31. Rxb8 Rxb8 32. Rc7 Qe8 33. Ng5 Nh6
34. Qc2 g6 35. Qc1 Kg8 36. Ra7 1-0

[Event "corr FRA-71ch"]
[Site "?"]
[Date "2005.06.18"]
[Round "?"]
[White "Yvinec, Jean Marc"]
[Black "Fister, Bernard"]
[Result "0-1"]
[WhiteElo "2275"]
[BlackElo "2315"]
[PlyCount "86"]
[EventDate "2005.06.18"]
[EventType "corr"]
[EventCountry "FRA"]

1. e4 e6 2. d4 d5 3. e5 c5 4. c3 Qb6 5. Nf3 Nc6 6. Be2 cxd4 7. cxd4 Nh6 8. Nc3
Nf5 9. Na4 Bb4+ 10. Bd2 Qa5 11. Bc3 b5 12. a3 Bxc3+ 13. Nxc3 b4 14. axb4 Qxb4
15. Bb5 Bd7 16. Bxc6 Bxc6 17. Qd2 O-O 18. O-O Rfb8 19. Rfb1 Be8 20. Ra2 a5 21.
Qd1 a4 22. Ra3 Rc8 23. Qd3 Rc4 24. Nxd5 exd5 25. Qxf5 Qxb2 26. Raa1 Qc2 27. Qf4
a3 28. Qe3 Rc3 29. Qe1 a2 30. Rd1 Rb3 31. h3 Rb2 32. Rdc1 Qe2 33. Qxe2 Rxe2 34.
Ne1 Rb8 35. Kh2 f6 36. f4 Bg6 37. Nf3 Rbb2 38. Nh4 Be4 39. Rc8+ Kf7 40. Rc7+
Ke6 41. f5+ Bxf5 42. Rc6+ Kd7 43. Rd6+ Kc7 0-1

[Event "corr FRA-71ch"]
[Site "?"]
[Date "2005.06.18"]
[Round "?"]
[White "Yvinec, Jean Marc"]
[Black "Mailfert, Jean Pierre"]
[Result "1/2-1/2"]
[WhiteElo "2275"]
[BlackElo "2450"]
[PlyCount "104"]
[EventDate "2005.06.18"]
[EventType "corr"]
[EventCountry "FRA"]

1. e4 d5 2. Nc3 dxe4 3. Nxe4 Qd5 4. Nc3 Qa5 5. d4 Nf6 6. Bd2 Bg4 7. Nf3 Nbd7 8.
h3 Bh5 9. g4 Bg6 10. Nh4 O-O-O 11. Nxg6 hxg6 12. g5 Ne8 13. Qg4 e6 14. O-O-O
Nb6 15. Kb1 Bb4 16. a3 Bxc3 17. Bxc3 Qa4 18. Bg2 Nd5 19. Bd2 c6 20. Qg3 Nd6 21.
Bc1 Nf5 22. Qe5 Rh4 23. Be4 Qb5 24. Bd2 Nc3+ 25. Bxc3 Qxe5 26. dxe5 Rxd1+ 27.
Rxd1 Rxe4 28. b4 Rf4 29. Rd2 Rf3 30. Kb2 b6 31. a4 Kc7 32. b5 c5 33. Re2 Rxh3
34. Re4 Rh2 35. f4 Kb7 36. Kc1 a6 37. Kb2 Rf2 38. Be1 Rg2 39. Bc3 Rh2 40. Kb3
a5 41. Kb2 Kc7 42. Kc1 Ng3 43. Re3 Ne2+ 44. Kb2 Nxc3 45. Kxc3 Rf2 46. Re4 Kd7
47. Kd3 Ke7 48. c3 Rf3+ 49. Kc4 f6 50. gxf6+ gxf6 51. exf6+ Kxf6 52. Kb3 Rd3
1/2-1/2

[Event "corr FRA-71ch"]
[Site "?"]
[Date "2005.06.18"]
[Round "?"]
[White "Yvinec, Jean Marc"]
[Black "Tombette, Philippe"]
[Result "0-1"]
[WhiteElo "2275"]
[BlackElo "2477"]
[PlyCount "96"]
[EventDate "2005.06.18"]
[EventType "corr"]
[EventCountry "FRA"]

1. e4 c5 2. c3 d6 3. d4 Nf6 4. Bd3 Nc6 5. Nf3 e5 6. d5 Ne7 7. Bg5 Ng6 8. Bb5+
Bd7 9. Bxf6 gxf6 10. Qb3 Bh6 11. c4 O-O 12. Bxd7 Qxd7 13. Nfd2 b5 14. Qf3 Nh4
15. Qg3+ Ng6 16. O-O a6 17. Qf3 Bg5 18. Re1 Kh8 19. Nf1 Nh4 20. Qe2 Rg8 21. Ng3
f5 22. exf5 Nxf5 23. Nxf5 Qxf5 24. g3 bxc4 25. Na3 Rg6 26. Nxc4 Rag8 27. Rad1
Rh6 28. Qe4 Qh3 29. Qg2 Qg4 30. Qe4 Qh5 31. Qg2 f5 32. Rd3 e4 33. Rb3 Bd8 34.
Ra3 Bf6 35. Kh1 f4 36. Rxa6 e3 37. fxe3 fxg3 38. h3 Qg4 39. Nxd6 Rxh3+ 40. Kg1
Rh2 41. Qe4 Qh5 42. Ra7 Rf8 43. Nf7+ Kg8 44. d6 Bg7 45. Ng5 Qxg5 46. Ra8 Qf6
47. Rxf8+ Bxf8 48. Rf1 Rf2 0-1

[Event "corr FRA-71ch"]
[Site "?"]
[Date "2005.06.18"]
[Round "?"]
[White "Yvinec, Jean Marc"]
[Black "Wagner, Claude"]
[Result "0-1"]
[WhiteElo "2275"]
[BlackElo "2375"]
[PlyCount "80"]
[EventDate "2005.06.18"]
[EventType "corr"]
[EventCountry "FRA"]

1. e4 c5 2. c3 Nf6 3. e5 Nd5 4. d4 cxd4 5. Qxd4 e6 6. Nf3 Nc6 7. Qe4 f5 8. Qe2
Qc7 9. g3 b5 10. Bg2 a5 11. O-O Ba6 12. Re1 Bc5 13. Nh4 O-O 14. Bxd5 exd5 15.
Qd1 Nxe5 16. Bf4 d6 17. Bxe5 dxe5 18. Qxd5+ Kh8 19. Rxe5 Rae8 20. Nf3 Rxe5 21.
Qxe5 Qxe5 22. Nxe5 Re8 23. Nd3 Bf8 24. Na3 b4 25. Nxb4 axb4 26. cxb4 Bxb4 27.
Nc2 Bc5 28. Rd1 g6 29. Rd2 Re2 30. Rxe2 Bxe2 31. a3 Kg7 32. b4 Ba7 33. Kg2 Kf6
34. h3 Ke5 35. Ne1 Ke4 36. a4 Bd1 37. a5 Be2 38. Nc2 Bd4 39. Nxd4 Kxd4 40. f4
Ke3 0-1